Nommez cette Célébrité #5 - Statistiques

Statistiques générales
  • Ce quiz a été pris 4 565 fois
  • Le résultat moyen est 10 sur 16
Statistiques - réponses
Par images Réponse % Correct
Angèle
95%
Sia
90%
Zendaya
90%
Adèle
82%
Michelle Obama
81%
The Weeknd
76%
Kendall Jenner
71%
Elton John
69%
Robert Pattinson
68%
Bill Gates
58%
Tiger Woods
48%
Matt Damon
47%
Simone Biles
35%
Helena Bonham Carter
32%
Rowan Atkinson
28%
Michael Phelps
27%
Aucun quiz correspondant
Distribution des résultats
% des personnes avec chaque résultat
Percentile par nombre de réponses
Votre historique - résultats
Vous n’avez pas pris ce quiz